Estadísticas para Las segundas ciudades más grandes de Europa.

Haz click aquí para tomar la prueba!

Estadísticas generales

  • Esta prueba ha sido tomada 68 veces
  • La puntuación promedio es 15 de 45

Estadísticas de respuestas

país Otra ciudad % Correcto
EspañaBarcelona
98%
ItaliaMilán
96%
PortugaliOporto
91%
FranciaMarsella
87%
RusiaSan Petersburgo
76%
Reino UnidoBirmingham
75%
PoloniaCracovia
73%
AlemaniaHamburgo
71%
MónacoMonaco / Montecarlo
65%
SuizaGinebra
65%
Países BajosRóterdam
60%
GreciaSalónica
58%
Ciudad del
Vaticano
Ciudad del
Vaticano
56%
IrlandaCork
55%
NoruegaBergen
45%
BélgicaAmberes
45%
CroaciaSplit
38%
SueciaGotemburgo
35%
AustriaGraz
33%
DinamarcaAarhus
29%
LituaniaKaunas
27%
LiechtensteinVaduz
27%
Republica checaBrno
27%
RumaníaCluj-Napoca
27%
SerbiaNovi Sad
18%
BulgariaPlovdiv
16%
MoldaviaTiráspol
13%
HungríaDebrecen
13%
EsloveniaMaribor
13%
MaltaMosta
11%
FinlandiaEspoo
9%
EslovaquiaKošice
7%
UcraniaJárkov
7%
BielorrusiaGómel
5%
EstoniaTartu
5%
AlbaniaDurrës / Dirraquio
4%
Bosnia y
Herzegovina
Bania Luka
4%
KosovoPrizren
4%
AndorraEscaldes-Engordany
4%
San MarinoBorgo Maggiore
2%
LetoniaDaugavpils
2%
MontenegroNikšić
0%
Macedonia
del Norte
Bitola
0%
LuxemburgoEsch-sur-Alzette
0%
IslandiaKópavogur
0%

Distribución de puntuación

Porcentaje por número respondido

Porcentaje de gente con cada puntuación

Historial de tus puntuaciones

No has tomado esta prueba